| 000 | 00682nam a22002057a 4500 | ||
|---|---|---|---|
| 003 | OSt | ||
| 005 | 20221031193440.0 | ||
| 008 | 221006b |||||||| |||| 00| 0 eng d | ||
| 020 | _a4-568-10325-8 | ||
| 040 | _cBiblioteca Lado V | ||
| 082 |
_a708 _bM972d |
||
| 100 |
_9272 _aMurakami, Takashi _eautor |
||
| 245 |
_aDOBSF/ _bDOB in the Strange Forest: Takashi Murakami/ |
||
| 260 |
_c1999 _aJapon _bBijutsu Shuppan-Sha Ltd. |
||
| 300 |
_a155p. _c19x21cm |
||
| 650 |
_2Tesauro de Arte & Arquitectura _aARTE DIGITAL |
||
| 650 |
_2Tesauro de Arte & Arquitectura _aARTE VISUAL |
||
| 650 |
_2Tesauro de Arte & Arquitectura _aJAPON |
||
| 942 |
_2ddc _c1 _h708 _iM972d _n0 |
||
| 999 |
_c2447 _d2447 |
||